Counter-Strike - Name the player (2015) - Statistics

General Stats
  • This quiz has been taken 6 times
  • The average score is 6 of 21
Answer Stats
Picture Answer % Correct
KennyS
100%
GuardiaN
60%
KRIMZ
60%
olofmeister
60%
apEX
40%
Edward
40%
flamie
40%
allu
20%
b1ad3
20%
Cajunb
20%
freakazoid
20%
Maikelele
20%
seang@res
20%
seized
20%
ShahZaM
20%
SPUNj
20%
TaZ
20%
Xizt
20%
Jkaem
0%
starix
0%
WorldEdit
0%
No matching quizzes found
Score Distribution
Percent of People with Each Score
Percentile by Number Answered
Your Score History
You have not taken this quiz